00850nam a2200217 a 450000100100000000500170001000800410002702000150006804000250008310000340010824500980014226000290024030000210026949000370029050400330032750400730036070000330043383000440046695201050051099900170061500004281920201002040423.0140210s1976 sp 000 0 spa d a8430630317 aDO-SdBNPbspacBNPHU1 aLópez Pina, Antonio.97017913aLa Cultura Política de la España de Franco /cAntonio López Pina, Eduardo L. Aranguren. aMadrid :bTaurus,c1976. a218 p. ;c21 cm.1 aBiblioteca política Taurusv31 aBibliografía : p. 215-218. aIncluye referencias bibliográficas y notas al pie de las páginas1 aAranguren, Eduardo L.970180 0aBiblioteca política Taurusv31970181 001050718MOaGRbGRcCTd2014-02-10iLF1l0o p42819-10r2020-06-25w2020-06-25y1ZNo se presta c42308d42308